000
00474nam a2200169Ia 4500
008
090711s9999 xx 000 0 und d
082
_b
335
100
_a
काकडे द. स.
245
_a
रानवारा
260
_b
सत्यजय प्रकाशन
_c
1997
300
_a
175
600
_a
काकडे द. स.
630
_a
रानवारा
700
_a
काकडे द. स.
730
_a
रानवारा
942
_c
BOOK
999
_c
323794
_d
323794